书目信息 |
| 题名: |
美国简明地方志
|
|
| 作者: | ||
| 分册: | ||
| 出版信息: | 北京 海洋出版社 1985 |
|
| 页数: | 380页 | |
| 开本: | 19cm | |
| 丛书名: | ||
| 单 册: | ||
| 中图分类: | K712.9 | |
| 科图分类: | ||
| 主题词: | 地方志--美国 | |
| 电子资源: | ||
| ISBN: | ||
| 000 | 00578nam0 2200229 45 | |
| 001 | 0185009189 | |
| 005 | 20040510155050.3 | |
| 010 | @dCNY1.60 | |
| 091 | @a17193.0495 | |
| 100 | @a19901008d1985 kemy0chiy0121 ea | |
| 101 | 0 | @achi |
| 102 | @aCN@b110000 | |
| 105 | @ay z 000yy | |
| 106 | @ar | |
| 200 | 10 | @a美国简明地方志@Amei guo jian ming di fang zhi |
| 210 | @a北京@c海洋出版社@d1985 | |
| 215 | @a380页@d19cm | |
| 606 | @a地方志@y美国 | |
| 690 | @aK712.9@v3 | |
| 801 | 0 | @aCN@b深圳图书馆@c20040510 |
| 801 | 2 | @aCN@bNLC@c20040510 |
| 905 | @f2@b152223-224@dK712.9@e12 | |
| 美国简明地方志.-北京:海洋出版社,1985 |
| 380页;19cm |
| ISBN :CNY1.60 |
| ● |
| 相关链接 |
|
|
|
|
正题名:美国简明地方志
索取号:K712.9/12
 
预约/预借
| 序号 | 登录号 | 条形码 | 馆藏地/架位号 | 状态 | 备注 |
| 1 | 0152223 | 001413250 | 第二借阅区/ [索取号:K712.9/12] | 在馆 | |
| 2 | 0152224 | 001413170 | 第二借阅区/ [索取号:K712.9/12] | 在馆 | |
| 3 | 0152225 | 001413214 | 第二样本阅览室/ [索取号:K712.9/12] | 在馆 |